01465nab a2200265 i 4500001000400000003000400004005001700008008003900025040000800064080001200072100012700084245014500211260001000356500002100366520034600387650001400733650003700747650002800784655003000812773016800842711012501010942001301135999001501148952003601163BPPBPK20160604115517.0160112s1979 pl | | |100 ||pol cBPK a796.012 aWOJCIECHOWSKI, Leszek.d1968 - 1996.bWyższa Szkoła Inżynierska w Koszalinie - Studium Wychowania Fizycznego i Sportu aRytm okresowy rozwoju fizycznego studentów Wydziału Mechanicznego Wyższej Szkoły Inżynierskiej w Koszalinie /cLeszek Wojciechowski. c1979. aDane z autopsji. aCelem opracowania było przedstawienie rytmu okresowego rozwoju fizycznego studentów WSInż. w Koszalinie rozpoczynających studia w 1972 roku. W odniesieniu tym prześledzono takie cechy jak: wzrost, ciężar ciała, obwód klatki piersiowej wdech i wydech, obwód ramienia, obwód uda, fałdę grzbietową, fałdę brzuszną. 0aStudenci. 0aMłodzież - rozwój fizyczny. 0aSprawność fizyczna. 0aMateriały konferencyjne. iW :tZeszyty Naukowe Wyższej Szkoły Inżynierskiej w Koszalinie. Prace Studiów Wychowania Fizycznego i Sportu Uczelni Technicznych. -g1979, nr 6, s. 225-228 aSeminarium : Przyrodnicze podstawy wychowania fizycznego i sportu uczelni technicznychn(6 ;d1979 ;cKoszalin, Polska). cART2UKD c5172d5172 00104070aBPKbBPKo0153yART